Premier League, clubs de la saison 2021-2022. - Statistiques

Statistiques générales
  • Ce quiz a été pris 322 fois
  • Le résultat moyen est 14 sur 20
Statistiques - réponses
Classement saison 2021 Clubs % Correct
1er Manchester City
100%
2e Manchester United
99%
4e Liverpool FC
97%
3e Chelsea FC
96%
9e Arsenal FC
94%
7e Tottenham Hotspur
85%
11e Aston Villa
75%
5e Leicester City
72%
6e West Ham United
72%
8e Everton FC
70%
15e Newcastle United
67%
10e Leeds United
61%
16e Brighton & Hove Albion
57%
13e Crystal Palace
55%
12e Wolverhampton Wanderers
54%
14e Southampton FC
53%
17e Burnley FC
49%
1er de Championship Norwich City
45%
3e de Championship Brentford FC
43%
2e de Championship Watford FC
37%
Aucun quiz correspondant
Distribution des résultats
% des personnes avec chaque résultat
Percentile par nombre de réponses
Votre historique - résultats
Vous n’avez pas pris ce quiz